Responses for Show #2770 - Friday, September 20, 1996

Contestants

[<< previous game]

John Baker, a graphic artist from Vineland, New Jersey

Trish Little-Taylor, a librarian from West Long Branch, New Jersey

Doug Zang, an environmental consultant from Saint Paul, Minnesota (whose 1-day cash winnings total $7,399)

[next game >>]

Jeopardy! Round responses

PHILOSOPHERS
FRUITS & VEGETABLES
THE MOVIES
WORLD HISTORY
BOOTS
"GREAT" GEOGRAPHY
    $100 17
Louisa May Alcott

Trish
    $100 2
a cherry

John
    $100 6
The Godfather

John
    $100 14
(Doug: What is, um, Peking?)

Taipei

DougJohn
    $100 13
galoshes

Doug
    $100 1
(Doug: What is Greenland?)

Great Britain

DougJohn
    $200 22
Confucius

Doug
    $200 3
[Alex mistakenly calls Trish "Irish", leading to a small pause on her part.]

an apple

Trish
    $200 7
(Doug: What is "Batman Returns"?)

Batman Forever

DougTrish
    $200 15
(Doug: What is Germany?)

the Soviet Union (Russia)

DougTrish
    $200 27
waders

John
    $200 4
Great Falls

John
    $300 23
Scotland

John
    $300 8
an onion

John
    $300 20
Ordinary People

Doug
    $300 16
the Globe

Doug
    $300 28
white

Trish
    $300 5
(Trish: What's the Great Gorge?)

the Great Rift (Valley)

DougTrish
    $400 24
Dante

Doug
    $400 9
a cucumber

Doug
    $400 21
Stagecoach

Doug
    $400 18
New Spain

John
    $400 29
mukluks

John
    $400 10
(John: What is the Great Western Desert?)

the Great Sandy Desert (or the Great Victoria Desert)

DougJohn
    $500 25
utilitarianism

Trish
    $500 12
radicchio

Doug
    $500 26
The Shining

Doug
    $500 19
Nasser

Doug
    $500 30
Wellingtons

Trish
    $800 11
the Greater Antilles

Doug

Scores at the first commercial break (after clue 12):

Doug Trish John
$2,100 $100 $400

Scores at the end of the Jeopardy! Round:

Doug Trish John
$4,500 $1,700 $1,800

Double Jeopardy! Round responses

ROYAL MOTHERS
SCIENCE
INTERNATIONAL TRADE TERMS
MUSICAL INSTRUMENTS
U.S. LANDMARKS
LITERATURE
    $200 18
Elizabeth

Trish
    $200 3
humidity

Doug
    $200 13
Germany

Doug
    $200 6
an elephant

John
    $200 1
Fort Knox

John
    $200 25
(Doug: What are The Adventures of Alice in Wonderland?)
(Alex: [Looking toward the judges] Not exactly.)
(Trish: Uh, what is Alice Through the Looking Glass?)

Alice's Adventures in Wonderland

DougTrishJohn
    $400 19
Akihito

John
    $400 4
wisdom teeth

Doug
    $400 14
the Bureau of Customs

Doug
    $400 7
crank the handle

Doug
    $400 2
Providence

Doug
    $400 26
Scarlett O'Hara

John
    $600 20
Juan Carlos

Trish
    $600 8
the core

John
    $600 15
a value added tax

Doug
    $600 22
sleigh bells

Doug
    $600 5
granite

John
    $600 28
Paris

Doug
    $800 21
Sweden

John
    $800 9
the ovaries

Doug
    $800 16
endangered species

Doug
    $1,500 23
("Dizzy") Gillespie

Doug
    $800 10
the Iolani Palace

Triple Stumper
    $500 29
(Doug: What is The Red Badge of Courage?)

"The Man Without a Country"

Doug
    $1000 27
(Alex: We have less than a minute to go.)

Queen Beatrix

John
    $1000 11
capillary action

John
    $1000 17
his manifest

Trish
    $1000 24
a dulcimer

Triple Stumper
    $1000 12
Fraunces Tavern

Trish
    $1000 30
Alice (B.) Toklas

Doug

Scores at the end of the Double Jeopardy! Round:

Doug Trish John
$11,700 $4,300 $7,200

[wagering suggestions for these scores]

Final Jeopardy! Round responses

SENATORS
(Alex: Interestingly enough, they both have the same initials.)
...
(Alex: [To Doug] He didn't come up with [**] of Utah.)
TrishWho are Glenn & Garn
$4,299
JohnWho are Glenn and Johnson
$7,199
DougWho are John Glenn and
$2,701
John Glenn & Jake Garn

Final scores:

Doug Trish John
$8,999 $8,599 $1
2-day champion: $16,398 2nd place: Lane table & chairs + University games 3rd place: Magnavox camcorder

Game dynamics:

Coryat scores:

Doug Trish John
$11,200 $4,300 $7,200
26 R
(including 2 DDs),
6 W
(including 1 DD)
11 R,
2 W
20 R,
1 W

Combined Coryat: $22,700

[game clues] [game scores] [suggest correction]

Game tape date: 1996-08-12
The J! Archive is created by fans, for fans. Scraping, republication, monetization, and malicious use prohibited; this site may use cookies and collect identifying information. See terms. The Jeopardy! game show and all elements thereof, including but not limited to copyright and trademark thereto, are the property of Jeopardy Productions, Inc. and are protected under law. This website is not affiliated with, sponsored by, or operated by Jeopardy Productions, Inc. Join the discussion at JBoard.tv.